[Event "VIII Iberoamericano Mexico 2022"]
[Site "Mexico City"]
[Date "2022.02.18"]
[Round "7.16"]
[White "Santos, Jose Guilherme B Lim"]
[Black "Perez Gormaz, Matias"]
[Result "1-0"]
[WhiteElo "2363"]
[BlackElo "2404"]
[Annotator "NA"]
[PlyCount "74"]
[EventDate "2022.02.12"]
[EventType "swiss"]
[EventCountry "MEX"]
[SourceTitle "playchess.com"]
[Source "ChessBase"]
[SourceQuality "1"]
[TimeControl "5400+30"]

1. e4 {[%emt 0:00:03]} c5 {[%emt 0:00:13]} 2. Nf3 {[%emt 0:00:08]} d6 {[%emt 0:00:18]} 3. d4 {[%emt 0:00:11]} cxd4 {[%emt 0:00:04]} 4. Nxd4 {[%emt 0:00:10]} Nf6 {[%emt 0:00:06]} 5. Nc3 {[%emt 0:00:04]} a6 {[%emt 0:00:07]} 6. Bg5 {[%emt 0:00:39]} Nbd7 {[%emt 0:00:14]} 7. Bc4 {[%emt 0:01:45]} Qb6 {[%emt 0:00:24]} 8. Qd2 {[%emt 0:09:11]} Qxb2 {[%emt 0:01:11]} 9. Rb1 {[%emt 0:00:05]} Qa3 {[%emt 0:00:13]} 10. O-O {[%emt 0:00:20]} e6 {[%emt 0:05:18]} 11. Kh1 {[%emt 0:00:03]} Be7 {[%emt 0:12:17]} 12. f4 {[%emt 0:03:22]} Nc5 {[%emt 0:18:23]} 13. Rf3 {[%emt 0:09:26]} Ncxe4 {[%emt 0:23:40]} 14. Nxe4 {[%emt 0:00:34]} Nxe4 {[%emt 0:00:04]} 15. Qe1 {[%emt 0:22:56]} Qc5 {[%emt 0:00:07]} 16. Qxe4 {[%emt 0:00:19]} d5 {[%emt 0:05:18]} 17. Bxd5 {[%emt 0:01:49]} Qxd5 {[%emt 0:06:02]} 18. Qxd5 {[%emt 0:00:59]} exd5 {[%emt 0:00:03]} 19. Re3 {[%emt 0:00:14]} f6 {[%emt 0:00:03]} 20. Rbe1 {[%emt 0:00:05]} O-O {[%emt 0:00:03]} 21. Rxe7 {[%emt 0:00:23]} fxg5 {[%emt 0:00:02]} 22. fxg5 {[%emt 0:00:07]} Bf5 {[%emt 0:01:40]} 23. Rxb7 {[%emt 0:09:51]} Be4 {[%emt 0:00:38]} 24. Kg1 {[%emt 0:00:15]} Rac8 {[%emt 0:02:46]} 25. Re2 {[%emt 0:03:47]} Rf7 {[%emt 0:08:42]} 26. Rb6 {[%emt 0:02:00]} a5 {[%emt 0:03:07]} 27. h3 {[%emt 0:00:25]} Rfc7 {[%emt 0:00:31]} 28. Ra6 {[%emt 0:10:54]} Rc4 {[%emt 0:02:23]} 29. Rd2 {[%emt 0:00:21]} Ra4 {[%emt 0:08:07]} 30. c3 {[%emt 0:13:43]} Rxc3 {[%emt 0:00:09]} 31. Rf2 {[%emt 0:00:11]} h6 {[%emt 0:03:08]} 32. Ra8+ {[%emt 0:02:53]} Kh7 {[%emt 0:00:07]} 33. Ne6 {[%emt 0:00:00]} hxg5 {[%emt 0:00:37]} 34. Rf7 {[%emt 0:00:05]} Kg6 {[%emt 0:00:29]} 35. Raf8 {[%emt 0:00:10]} Kh6 {[%emt 0:00:52]} 36. Rxg7 {[%emt 0:00:04]} Rc1+ {[%emt 0:00:28]} 37. Kh2 {[%emt 0:00:05]} Bd3 {[%emt 0:01:06]} 1-0

[Event "VIII Iberoamericano Mexico 2022"]
[Site "Mexico City"]
[Date "2022.02.18"]
[Round "7.17"]
[White "Zacarias, M Ruben D"]
[Black "Leon Valdes, Jony Wilson"]
[Result "0-1"]
[WhiteElo "2174"]
[BlackElo "2392"]
[Annotator "NA"]
[PlyCount "58"]
[EventDate "2022.02.12"]
[EventType "swiss"]
[EventCountry "MEX"]
[SourceTitle "playchess.com"]
[Source "ChessBase"]
[SourceQuality "1"]
[TimeControl "5400+30"]

1. e4 {[%emt 0:00:03]} e6 {[%emt 0:06:52]} 2. d4 {[%emt 0:00:16]} d5 {[%emt 0:00:04]} 3. Nd2 {[%emt 0:00:37]} Nf6 {[%emt 0:01:46]} 4. e5 {[%emt 0:00:12]} Nfd7 {[%emt 0:00:05]} 5. Bd3 {[%emt 0:00:11]} c5 {[%emt 0:00:04]} 6. c3 {[%emt 0:00:05]} Nc6 {[%emt 0:00:04]} 7. Ne2 {[%emt 0:00:08]} cxd4 {[%emt 0:00:12]} 8. cxd4 {[%emt 0:00:05]} f6 {[%emt 0:00:06]} 9. exf6 {[%emt 0:00:04]} Nxf6 {[%emt 0:00:06]} 10. Nf3 {[%emt 0:00:05]} Bd6 {[%emt 0:00:05]} 11. O-O {[%emt 0:00:06]} Qc7 {[%emt 0:00:04]} 12. Bg5 {[%emt 0:00:09]} O-O {[%emt 0:00:07]} 13. Bh4 {[%emt 0:00:03]} Bd7 {[%emt 0:05:13]} 14. Nc3 {[%emt 0:06:13]} a6 {[%emt 0:01:12]} 15. Bg3 {[%emt 0:00:56]} Be8 {[%emt 0:04:09]} 16. Re1 {[%emt 0:09:21]} Bh5 {[%emt 0:08:35]} 17. Rxe6 {[%emt 0:03:43]} Bxg3 {[%emt 0:00:35]} 18. hxg3 {[%emt 0:00:20]} Nxd4 {[%emt 0:06:04]} 19. Re1 {[%emt 0:09:54]} Bxf3 {[%emt 0:07:48]} 20. gxf3 {[%emt 0:01:05]} Qb6 {[%emt 0:04:16]} 21. f4 {[%emt 0:13:35]} Rae8 {[%emt 0:06:56]} 22. Rxe8 {[%emt 0:01:40]} Rxe8 {[%emt 0:00:04]} 23. Bf1 {[%emt 0:09:26]} Re1 {[%emt 0:01:32]} 24. Qxe1 {[%emt 0:12:32]} Nf3+ {[%emt 0:00:07]} 25. Kg2 {[%emt 0:00:04]} Nxe1+ {[%emt 0:00:08]} 26. Rxe1 {[%emt 0:00:04]} Qxb2 {[%emt 0:03:36]} 27. Ne2 {[%emt 0:00:57]} Ne4 {[%emt 0:01:51]} 28. f3 {[%emt 0:01:24]} Nc3 {[%emt 0:00:40]} 29. Kg1 {[%emt 0:02:07]} Qd2 {[%emt 0:00:28]} 0-1

[Event "VIII Iberoamericano Mexico 2022"]
[Site "Mexico City"]
[Date "2022.02.18"]
[Round "7.18"]
[White "Gemy, Jose Daniel"]
[Black "Corrales Jimenez, Zenia"]
[Result "0-1"]
[WhiteElo "2381"]
[BlackElo "2151"]
[Annotator "NA"]
[PlyCount "60"]
[EventDate "2022.02.12"]
[EventType "swiss"]
[EventCountry "MEX"]
[SourceTitle "playchess.com"]
[Source "ChessBase"]
[SourceQuality "1"]
[TimeControl "5400+30"]

1. e4 {[%emt 0:00:04]} c5 {[%emt 0:00:17]} 2. Nf3 {[%emt 0:00:09]} d6 {[%emt 0:00:11]} 3. d4 {[%emt 0:00:28]} cxd4 {[%emt 0:00:11]} 4. Nxd4 {[%emt 0:00:07]} Nf6 {[%emt 0:00:29]} 5. Nc3 {[%emt 0:00:05]} g6 {[%emt 0:00:05]} 6. Be3 {[%emt 0:00:20]} Bg7 {[%emt 0:00:19]} 7. Bc4 {[%emt 0:00:21]} Nc6 {[%emt 0:01:13]} 8. f3 {[%emt 0:00:08]} O-O {[%emt 0:01:51]} 9. Qd2 {[%emt 0:00:10]} Bd7 {[%emt 0:00:26]} 10. h4 {[%emt 0:00:12]} Rc8 {[%emt 0:03:26]} 11. Bb3 {[%emt 0:00:10]} h5 {[%emt 0:00:30]} 12. O-O-O {[%emt 0:00:37]} Ne5 {[%emt 0:00:42]} 13. Bg5 {[%emt 0:15:28]} Rc5 {[%emt 0:00:48]} 14. Kb1 {[%emt 0:02:51]} Re8 {[%emt 0:02:06]} 15. Nd5 {[%emt 0:22:53]} Nxd5 {[%emt 0:15:57]} 16. Bxd5 {[%emt 0:00:51]} Qb6 {[%emt 0:00:19]} 17. Nb3 {[%emt 0:09:10]} e6 {[%emt 0:08:55]} 18. Nxc5 {[%emt 0:14:04]} Nc4 {[%emt 0:04:50]} 19. Qc1 {[%emt 0:00:06]} Bxb2 {[%emt 0:00:08]} 20. Bxc4 {[%emt 0:00:49]} Bxc1+ {[%emt 0:00:34]} 21. Kxc1 {[%emt 0:00:02]} Qxc5 {[%emt 0:00:42]} 22. Bb3 {[%emt 0:00:08]} a5 {[%emt 0:01:00]} 23. a4 {[%emt 0:07:22]} b5 {[%emt 0:01:41]} 24. axb5 {[%emt 0:04:45]} a4 {[%emt 0:00:31]} 25. Ba2 {[%emt 0:00:13]} Qa3+ {[%emt 0:00:39]} 26. Kb1 {[%emt 0:00:12]} Rb8 {[%emt 0:00:26]} 27. Bc1 {[%emt 0:03:20]} Rxb5+ {[%emt 0:01:19]} 28. Bb3 {[%emt 0:00:06]} Qc5 {[%emt 0:00:20]} 29. Rd3 {[%emt 0:01:36]} axb3 {[%emt 0:00:10]} 30. cxb3 {[%emt 0:00:01]} Qc4 {[%emt 0:00:38]} 0-1

[Event "VIII Iberoamericano Mexico 2022"]
[Site "Mexico City"]
[Date "2022.02.18"]
[Round "7.19"]
[White "Miranda Rodriguez, Tania"]
[Black "Lopez Gonzalez, Abel Fabian"]
[Result "1/2-1/2"]
[WhiteElo "2174"]
[BlackElo "2379"]
[Annotator "NA"]
[PlyCount "80"]
[EventDate "2022.02.12"]
[EventType "swiss"]
[EventCountry "MEX"]
[SourceTitle "playchess.com"]
[Source "ChessBase"]
[SourceQuality "1"]
[TimeControl "5400+30"]

1. e4 {[%emt 0:00:06]} c6 {[%emt 0:06:08]} 2. Nc3 {[%emt 0:00:32]} d5 {[%emt 0:00:07]} 3. Nf3 {[%emt 0:00:12]} Bg4 {[%emt 0:00:14]} 4. h3 {[%emt 0:00:29]} Bxf3 {[%emt 0:00:08]} 5. Qxf3 {[%emt 0:00:04]} e6 {[%emt 0:00:20]} 6. d4 {[%emt 0:00:57]} dxe4 {[%emt 0:06:33]} 7. Qxe4 {[%emt 0:00:57]} Nf6 {[%emt 0:00:48]} 8. Qd3 {[%emt 0:00:57]} Na6 {[%emt 0:05:03]} 9. a3 {[%emt 0:01:25]} Qb6 {[%emt 0:01:28]} 10. Be2 {[%emt 0:01:49]} Rd8 {[%emt 0:01:18]} 11. O-O {[%emt 0:02:42]} Rxd4 {[%emt 0:14:22]} 12. Qf3 {[%emt 0:01:35]} Qc7 {[%emt 0:27:03]} 13. Be3 {[%emt 0:02:30]} Rd8 {[%emt 0:00:49]} 14. Rad1 {[%emt 0:02:15]} Rxd1 {[%emt 0:06:31]} 15. Rxd1 {[%emt 0:00:09]} Bc5 {[%emt 0:03:41]} 16. Bxa6 {[%emt 0:07:38]} Bxe3 {[%emt 0:00:16]} 17. Nb5 {[%emt 0:02:55]} Bxf2+ {[%emt 0:07:18]} 18. Qxf2 {[%emt 0:02:38]} cxb5 {[%emt 0:00:17]} 19. Bxb5+ {[%emt 0:03:16]} Ke7 {[%emt 0:00:22]} 20. Qxa7 {[%emt 0:01:45]} Rd8 {[%emt 0:03:47]} 21. Rxd8 {[%emt 0:02:10]} Kxd8 {[%emt 0:00:05]} 22. c4 {[%emt 0:03:57]} e5 {[%emt 0:02:18]} 23. b4 {[%emt 0:02:25]} e4 {[%emt 0:01:37]} 24. Qd4+ {[%emt 0:02:23]} Kc8 {[%emt 0:03:26]} 25. c5 {[%emt 0:12:43]} Qg3 {[%emt 0:04:47]} 26. c6 {[%emt 0:11:43]} Qxa3 {[%emt 0:00:28]} 27. Qc5 {[%emt 0:03:52]} bxc6 {[%emt 0:00:31]} 28. Qxc6+ {[%emt 0:00:58]} Kb8 {[%emt 0:00:07]} 29. Qd6+ {[%emt 0:03:15]} Kb7 {[%emt 0:00:05]} 30. Qe7+ {[%emt 0:06:46]} Kb6 {[%emt 0:05:33]} 31. Qc5+ {[%emt 0:00:20]} Kb7 {[%emt 0:00:00]} 32. Bc6+ {[%emt 0:01:16]} Kb8 {[%emt 0:00:00]} 33. Qb6+ {[%emt 0:06:13]} Kc8 {[%emt 0:00:00]} 34. Bb7+ {[%emt 0:00:52]} Kd7 {[%emt 0:00:00]} 35. Bc6+ {[%emt 0:01:16]} Ke7 {[%emt 0:00:00]} 36. Qc7+ {[%emt 0:01:14]} Ke6 {[%emt 0:00:00]} 37. Qc8+ {[%emt 0:01:02]} Kd6 {[%emt 0:00:00]} 38. Qf8+ {[%emt 0:00:23]} Ke6 {[%emt 0:00:39]} 39. Qc8+ {[%emt 0:00:20]} Kd6 {[%emt 0:02:28]} 40. Qf8+ {[%emt 0:00:27]} Ke6 {[%emt 0:01:53]} 1/2-1/2

[Event "VIII Iberoamericano Mexico 2022"]
[Site "Mexico City"]
[Date "2022.02.18"]
[Round "7.20"]
[White "Veiga, Jose Francisco R P N"]
[Black "Real Pereyra, Jeronimo"]
[Result "1-0"]
[WhiteElo "2366"]
[BlackElo "2147"]
[Annotator "NA"]
[PlyCount "69"]
[EventDate "2022.02.12"]
[EventType "swiss"]
[EventCountry "MEX"]
[SourceTitle "playchess.com"]
[Source "ChessBase"]
[SourceQuality "1"]
[TimeControl "5400+30"]

1. Nf3 {[%emt 0:00:11]} c5 {[%emt 0:13:06]} 2. g3 {[%emt 0:00:12]} Nc6 {[%emt 0:00:05]} 3. Bg2 {[%emt 0:00:09]} g6 {[%emt 0:00:05]} 4. O-O {[%emt 0:00:13]} Bg7 {[%emt 0:00:11]} 5. c4 {[%emt 0:00:10]} d6 {[%emt 0:00:34]} 6. Nc3 {[%emt 0:00:16]} h5 {[%emt 0:00:42]} 7. h4 {[%emt 0:03:28]} Nh6 {[%emt 0:00:20]} 8. a3 {[%emt 0:01:34]} O-O {[%emt 0:00:41]} 9. Rb1 {[%emt 0:00:55]} a5 {[%emt 0:00:18]} 10. d3 {[%emt 0:01:03]} Bd7 {[%emt 0:10:18]} 11. Ng5 {[%emt 0:01:48]} Rb8 {[%emt 0:03:57]} 12. Bd2 {[%emt 0:00:53]} Nf5 {[%emt 0:06:35]} 13. Nb5 {[%emt 0:02:59]} Ncd4 {[%emt 0:11:23]} 14. Nxd4 {[%emt 0:12:49]} Nxd4 {[%emt 0:06:13]} 15. e3 {[%emt 0:00:12]} Nf5 {[%emt 0:02:18]} 16. Qe1 {[%emt 0:05:04]} a4 {[%emt 0:00:58]} 17. Bc3 {[%emt 0:00:39]} b5 {[%emt 0:04:49]} 18. Bxg7 {[%emt 0:01:12]} Kxg7 {[%emt 0:00:10]} 19. Qc3+ {[%emt 0:00:58]} f6 {[%emt 0:00:23]} 20. b4 {[%emt 0:05:20]} axb3 {[%emt 0:02:18]} 21. Rxb3 {[%emt 0:01:14]} bxc4 {[%emt 0:01:17]} 22. Rxb8 {[%emt 0:00:18]} Qxb8 {[%emt 0:00:09]} 23. dxc4 {[%emt 0:00:02]} Qb6 {[%emt 0:08:37]} 24. Bd5 {[%emt 0:00:39]} Kh6 {[%emt 0:05:06]} 25. Ne6 {[%emt 0:00:28]} Rb8 {[%emt 0:00:27]} 26. Ra1 {[%emt 0:00:38]} Ba4 {[%emt 0:00:16]} 27. Be4 {[%emt 0:06:52]} Bc6 {[%emt 0:03:28]} 28. Bxf5 {[%emt 0:09:32]} gxf5 {[%emt 0:00:04]} 29. e4 {[%emt 0:00:28]} Bxe4 {[%emt 0:01:30]} 30. Qe3+ {[%emt 0:00:04]} Kh7 {[%emt 0:01:13]} 31. Qe2 {[%emt 0:00:29]} Kh6 {[%emt 0:03:40]} 32. Nf4 {[%emt 0:00:16]} Qb1+ {[%emt 0:01:14]} 33. Kh2 {[%emt 0:00:06]} Qxa1 {[%emt 0:05:14]} 34. Qxh5+ {[%emt 0:00:08]} Kg7 {[%emt 0:00:06]} 35. Ne6+ {[%emt 0:00:05]} 1-0

[Event "VIII Iberoamericano Mexico 2022"]
[Site "Mexico City"]
[Date "2022.02.18"]
[Round "7.21"]
[White "Luna Javier, Edgar Froylan"]
[Black "Garcia Guerrero, Isaac Antonio"]
[Result "1-0"]
[WhiteElo "2148"]
[BlackElo "2338"]
[Annotator "NA"]
[PlyCount "137"]
[EventDate "2022.02.12"]
[EventType "swiss"]
[EventCountry "MEX"]
[SourceTitle "playchess.com"]
[Source "ChessBase"]
[SourceQuality "1"]
[TimeControl "5400+30"]

1. Nf3 {[%emt 0:05:50]} Nf6 {[%emt 0:00:17]} 2. d4 {[%emt 0:01:38]} e6 {[%emt 0:00:25]} 3. g3 {[%emt 0:00:25]} b5 {[%emt 0:00:21]} 4. Bg2 {[%emt 0:00:23]} Bb7 {[%emt 0:02:05]} 5. O-O {[%emt 0:00:57]} c5 {[%emt 0:00:32]} 6. a4 {[%emt 0:02:04]} b4 {[%emt 0:00:33]} 7. a5 {[%emt 0:02:23]} Na6 {[%emt 0:00:59]} 8. c3 {[%emt 0:01:54]} Be7 {[%emt 0:01:46]} 9. dxc5 {[%emt 0:05:19]} Bxc5 {[%emt 0:01:40]} 10. cxb4 {[%emt 0:01:52]} Nxb4 {[%emt 0:07:21]} 11. Nc3 {[%emt 0:01:09]} O-O {[%emt 0:03:47]} 12. Bg5 {[%emt 0:07:32]} d5 {[%emt 0:09:23]} 13. Ne5 {[%emt 0:03:03]} Rb8 {[%emt 1:07:51]} 14. Bxf6 gxf6 {[%emt 0:00:00]} 15. Nd3 Nxd3 {[%emt 0:00:00]} 16. Qxd3 {[%emt 0:17:05]} Qd6 {[%emt 0:00:00]} 17. Ra4 {[%emt 0:03:46]} f5 {[%emt 0:00:00]} 18. Rh4 {[%emt 0:07:37]} f6 {[%emt 0:00:00]} 19. Rd1 {[%emt 0:09:47]} Rf7 {[%emt 0:00:00]} 20. Nb5 {[%emt 0:09:01]} Qe5 {[%emt 0:00:00]} 21. Nd4 {[%emt 0:19:15]} Rc7 {[%emt 0:00:00]} 22. b4 {[%emt 0:00:00]} Bxd4 {[%emt 0:00:00]} 23. Rxd4 {[%emt 0:00:00]} Bc6 {[%emt 0:00:00]} 24. e3 {[%emt 0:00:00]} Bb5 {[%emt 0:00:00]} 25. Qb3 {[%emt 0:00:00]} Bc4 {[%emt 0:00:00]} 26. Qa4 {[%emt 0:00:00]} Qd6 {[%emt 0:00:00]} 27. Rb1 {[%emt 0:00:00]} a6 {[%emt 0:00:00]} 28. Bf1 {[%emt 0:00:00]} Bb5 {[%emt 0:00:00]} 29. Qa1 {[%emt 0:00:00]} Qc6 {[%emt 0:00:00]} 30. Rdd1 {[%emt 0:00:00]} Qc3 {[%emt 0:00:00]} 31. Qxc3 {[%emt 0:00:01]} Rxc3 {[%emt 0:00:00]} 32. Rdc1 {[%emt 0:00:21]} Rxc1 {[%emt 0:01:07]} 33. Rxc1 {[%emt 0:00:01]} Kf7 {[%emt 0:01:33]} 34. Rc7+ {[%emt 0:00:23]} Kg6 {[%emt 0:01:15]} 35. Bxb5 {[%emt 0:00:41]} Rxb5 {[%emt 0:00:32]} 36. Rc6 {[%emt 0:00:10]} Rxb4 {[%emt 0:00:19]} 37. Rxe6 {[%emt 0:00:13]} d4 {[%emt 0:00:20]} 38. exd4 {[%emt 0:00:21]} Rxd4 {[%emt 0:00:06]} 39. Kg2 {[%emt 0:01:09]} f4 {[%emt 0:00:25]} 40. Rxa6 {[%emt 0:01:39]} fxg3 {[%emt 0:00:09]} 41. hxg3 {[%emt 0:00:08]} Ra4 {[%emt 0:01:51]} 42. Ra8 {[%emt 0:00:16]} Ra3 {[%emt 0:01:17]} 43. a6 {[%emt 0:00:06]} Kf5 {[%emt 0:00:26]} 44. Kh3 {[%emt 0:00:49]} Ra2 {[%emt 0:00:41]} 45. a7 {[%emt 0:00:56]} Ra3 {[%emt 0:01:00]} 46. Kh4 {[%emt 0:00:33]} Ra1 {[%emt 0:00:30]} 47. Kh3 {[%emt 0:00:14]} Ra3 {[%emt 0:00:30]} 48. Kg2 {[%emt 0:00:13]} Ra2 {[%emt 0:00:39]} 49. Kf3 {[%emt 0:00:06]} Ra3+ {[%emt 0:00:06]} 50. Ke2 {[%emt 0:00:06]} Ra2+ {[%emt 0:00:17]} 51. Ke3 {[%emt 0:00:07]} Ra3+ {[%emt 0:00:39]} 52. Kd4 {[%emt 0:00:20]} Ra5 {[%emt 0:01:58]} 53. Kc4 {[%emt 0:00:25]} Ra2 {[%emt 0:00:39]} 54. Kd5 {[%emt 0:00:29]} Rd2+ {[%emt 0:00:31]} 55. Kc5 {[%emt 0:00:14]} Ra2 {[%emt 0:00:28]} 56. Kd6 {[%emt 0:00:20]} Ra6+ {[%emt 0:00:31]} 57. Ke7 {[%emt 0:00:11]} h5 {[%emt 0:00:38]} 58. Kf7 {[%emt 0:00:09]} Ra2 {[%emt 0:01:06]} 59. Kg7 {[%emt 0:00:36]} Ra4 {[%emt 0:00:28]} 60. f3 {[%emt 0:01:46]} Ra6 {[%emt 0:01:58]} 61. Kf7 {[%emt 0:00:21]} Ra3 {[%emt 0:01:29]} 62. g4+ {[%emt 0:00:50]} hxg4 {[%emt 0:00:13]} 63. fxg4+ {[%emt 0:00:01]} Kf4 {[%emt 0:00:39]} 64. Kxf6 {[%emt 0:00:23]} Ra1 {[%emt 0:00:29]} 65. Kf7 {[%emt 0:00:21]} Ra2 {[%emt 0:00:34]} 66. g5 {[%emt 0:00:16]} Kf5 {[%emt 0:00:09]} 67. g6 {[%emt 0:00:14]} Rc2 {[%emt 0:00:41]} 68. Rf8 {[%emt 0:00:17]} Rc7+ {[%emt 0:00:29]} 69. Ke8+ {[%emt 0:00:01]} 1-0

[Event "VIII Iberoamericano Mexico 2022"]
[Site "Mexico City"]
[Date "2022.02.18"]
[Round "7.22"]
[White "Perez Rodriguez, Luis Manuel"]
[Black "Pla, Silvio"]
[Result "1-0"]
[WhiteElo "2324"]
[BlackElo "2113"]
[Annotator "NA"]
[PlyCount "57"]
[EventDate "2022.02.12"]
[EventType "swiss"]
[EventCountry "MEX"]
[SourceTitle "playchess.com"]
[Source "ChessBase"]
[SourceQuality "1"]
[TimeControl "5400+30"]

1. e4 {[%emt 0:01:54]} e5 2. Nf3 {[%emt 0:00:16]} Nf6 {[%emt 0:01:00]} 3. Nxe5 {[%emt 0:01:31]} d6 {[%emt 0:00:07]} 4. Nf3 {[%emt 0:00:24]} Nxe4 {[%emt 0:00:09]} 5. d3 {[%emt 0:00:36]} Nf6 {[%emt 0:00:33]} 6. d4 {[%emt 0:00:08]} d5 {[%emt 0:03:29]} 7. Bd3 {[%emt 0:00:40]} Bg4 {[%emt 0:06:51]} 8. O-O {[%emt 0:02:09]} Be7 {[%emt 0:00:43]} 9. Bg5 {[%emt 0:00:46]} h6 {[%emt 0:00:59]} 10. Bxf6 {[%emt 0:14:23]} Bxf6 {[%emt 0:00:06]} 11. Re1+ {[%emt 0:00:03]} Be7 {[%emt 0:23:56]} 12. h3 {[%emt 0:07:31]} Bxf3 {[%emt 0:02:58]} 13. Qxf3 {[%emt 0:00:08]} O-O {[%emt 0:00:05]} 14. Nd2 {[%emt 0:00:47]} Nc6 {[%emt 0:04:36]} 15. c3 {[%emt 0:01:41]} Qd6 {[%emt 0:10:22]} 16. Nf1 {[%emt 0:01:37]} Bg5 {[%emt 0:10:00]} 17. g3 {[%emt 0:04:47]} g6 {[%emt 0:02:45]} 18. h4 {[%emt 0:00:45]} Bf6 {[%emt 0:00:02]} 19. Ne3 {[%emt 0:01:25]} Ne7 20. Ng4 {[%emt 0:10:42]} Bg7 {[%emt 0:01:18]} 21. Qe3 {[%emt 0:06:25]} Rae8 {[%emt 0:15:52]} 22. Nxh6+ {[%emt 0:42:52]} Kh7 23. Ng4 Ng8 24. Qf3 f5 25. Rxe8 Rxe8 26. Ne3 Qf8 27. h5 Ne7 28. hxg6+ Kxg6 29. Qg4+ 1-0

[Event "VIII Iberoamericano Mexico 2022"]
[Site "Mexico City"]
[Date "2022.02.18"]
[Round "7.23"]
[White "Dominguez Aguilar, Guillermo"]
[Black "Fernandez Sanchez, Mario Andres"]
[Result "1-0"]
[WhiteElo "2321"]
[BlackElo "2093"]
[Annotator "ChessBase"]
[PlyCount "104"]
[EventDate "2022.02.12"]
[EventType "swiss"]
[EventCountry "MEX"]
[SourceTitle "playchess.com"]
[Source "ChessBase"]
[SourceQuality "1"]
[TimeControl "5400+30"]

1. e4 {[%emt 0:12:55]} c6 {[%emt 0:00:14]} 2. d4 {[%emt 0:00:56]} d5 {[%emt 0:00:05]} 3. Nc3 {[%emt 0:00:14]} dxe4 {[%emt 0:00:10]} 4. Nxe4 {[%emt 0:00:10]} Nf6 {[%emt 0:00:09]} 5. Nxf6+ {[%emt 0:00:19]} exf6 {[%emt 0:00:02]} 6. c3 {[%emt 0:00:15]} Bd6 {[%emt 0:00:18]} 7. Bd3 {[%emt 0:00:58]} O-O {[%emt 0:00:14]} 8. Ne2 {[%emt 0:00:41]} Re8 {[%emt 0:01:02]} 9. Qc2 {[%emt 0:00:58]} h5 {[%emt 0:09:02]} 10. Be3 {[%emt 0:02:24]} Qa5 11. O-O {[%emt 0:03:18]} h4 {[%emt 0:09:32]} 12. Rfe1 Qc7 {[%emt 0:20:15]} 13. h3 Be6 {[%emt 0:10:17]} 14. c4 {[%emt 0:05:52]} Nd7 {[%emt 0:02:34]} 15. Rac1 {[%emt 0:01:11]} Nf8 16. Qd2 Ng6 {[%emt 0:04:36]} 17. Kh1 {[%emt 0:06:07]} Qd7 {[%emt 0:07:18]} 18. Ng1 {[%emt 0:01:26]} Bc7 {[%emt 0:07:56]} 19. Bxg6 {[%emt 0:00:49]} fxg6 {[%emt 0:00:17]} 20. Bf4 {[%emt 0:00:42]} Bxf4 {[%emt 0:04:52]} 21. Qxf4 {[%emt 0:00:08]} g5 {[%emt 0:00:05]} 22. Qd2 {[%emt 0:01:24]} Rad8 {[%emt 0:04:59]} 23. Nf3 {[%emt 0:00:15]} g4 {[%emt 0:08:59]} 24. hxg4 {[%emt 0:00:56]} Bxg4 {[%emt 0:00:04]} 25. Ng1 {[%emt 0:13:15]} Kf7 {[%emt 0:00:53]} 26. Rxe8 {[%emt 0:00:44]} Rxe8 {[%emt 0:00:10]} 27. d5 Re5 {[%emt 0:01:18]} 28. f3 {[%emt 0:05:01]} Bf5 {[%emt 0:01:11]} 29. Rd1 {[%emt 0:01:46]} g5 {[%emt 0:02:14]} 30. Qd4 {[%emt 0:01:20]} cxd5 {[%emt 0:01:10]} 31. cxd5 {[%emt 0:00:25]} Kg6 32. d6 {[%emt 0:03:34]} Re6 {[%emt 0:02:11]} 33. Qd5 {[%emt 0:02:46]} a6 {[%emt 0:00:37]} 34. a4 {[%emt 0:04:45]} Re5 {[%emt 0:00:19]} 35. Qg8+ {[%emt 0:08:24]} Kh6 {[%emt 0:00:01]} 36. Rd4 {[%emt 0:01:56]} Re6 {[%emt 0:01:39]} 37. Qb8 {[%emt 0:08:21]} Re8 {[%emt 0:01:11]} 38. Qa7 {[%emt 0:00:07]} Qc6 {[%emt 0:01:02]} 39. Rd2 {[%emt 0:00:14]} h3 {[%emt 0:00:42]} 40. Qd4 {[%emt 0:03:14]} hxg2+ {[%emt 0:00:33]} 41. Kxg2 {[%emt 0:00:46]} Kg6 {[%emt 0:00:20]} 42. Kg3 {[%emt 0:01:44]} Rh8 {[%emt 0:00:19]} 43. b3 {[%emt 0:02:05]} Rh1 {[%emt 0:00:32]} 44. Kg2 {[%emt 0:10:05]} Rh4 {[%emt 0:00:50]} 45. Qe3 {[%emt 0:01:18]} Rh7 {[%emt 0:01:14]} 46. Ne2 {[%emt 0:01:07]} Rd7 {[%emt 0:00:38]} 47. Qe8+ {[%emt 0:00:15]} Kg7 {[%emt 0:00:28]} 48. Nd4 {[%emt 0:00:59]} Qd5 {[%emt 0:00:04]} 49. Nxf5+ {[%emt 0:00:31]} Qxf5 {[%emt 0:00:01]} 50. Re2 {[%emt 0:00:08]} Rf7 {[%emt 0:01:00]} 51. Re7 {[%emt 0:07:40]} Qc2+ {[%emt 0:00:10]} 52. Kg3 {[%emt 0:07:41]} Qxb3 {[%emt 0:01:38]} 1-0

[Event "VIII Iberoamericano Mexico 2022"]
[Site "Mexico City"]
[Date "2022.02.18"]
[Round "7.24"]
[White "Capo Vidal, Uriel"]
[Black "Fernandez Pozas, Pablo Antonio"]
[Result "1-0"]
[WhiteElo "2306"]
[BlackElo "2072"]
[Annotator "NA"]
[PlyCount "61"]
[EventDate "2022.02.12"]
[EventType "swiss"]
[EventCountry "MEX"]
[SourceTitle "playchess.com"]
[Source "ChessBase"]
[SourceQuality "1"]
[TimeControl "5400+30"]

1. d4 {[%emt 0:12:09]} e6 {[%emt 0:00:10]} 2. Nf3 {[%emt 0:02:07]} Nf6 {[%emt 0:00:14]} 3. Bf4 {[%emt 0:00:12]} c5 {[%emt 0:00:22]} 4. e3 {[%emt 0:00:05]} d5 {[%emt 0:00:05]} 5. c3 {[%emt 0:01:35]} Nc6 {[%emt 0:00:13]} 6. Nbd2 {[%emt 0:00:14]} Bd6 {[%emt 0:00:44]} 7. Bg3 {[%emt 0:01:26]} O-O {[%emt 0:00:30]} 8. Bd3 {[%emt 0:00:39]} b6 {[%emt 0:00:27]} 9. Ne5 {[%emt 0:01:01]} Ne7 {[%emt 0:00:26]} 10. f4 {[%emt 0:01:59]} Bb7 {[%emt 0:02:55]} 11. Qb1 {[%emt 0:04:07]} Nf5 {[%emt 0:27:43]} 12. Bxf5 {[%emt 0:00:47]} exf5 {[%emt 0:00:03]} 13. Qxf5 Ne4 {[%emt 0:04:48]} 14. Nxe4 {[%emt 0:04:19]} dxe4 {[%emt 0:00:06]} 15. Rd1 {[%emt 0:08:05]} Qc7 {[%emt 0:04:25]} 16. Nc4 {[%emt 0:07:58]} Be7 {[%emt 0:10:30]} 17. d5 {[%emt 0:00:49]} Rad8 {[%emt 0:01:59]} 18. Qxe4 {[%emt 0:01:10]} Bf6 {[%emt 0:00:54]} 19. Qf3 {[%emt 0:03:05]} Qd7 {[%emt 0:11:28]} 20. e4 {[%emt 0:00:49]} Qa4 {[%emt 0:00:17]} 21. Ne3 {[%emt 0:01:56]} Qxa2 {[%emt 0:02:50]} 22. e5 {[%emt 0:02:12]} Qxb2 {[%emt 0:04:29]} 23. O-O {[%emt 0:00:43]} Qxc3 {[%emt 0:01:45]} 24. Be1 {[%emt 0:00:26]} Qb2 {[%emt 0:03:54]} 25. Rf2 {[%emt 0:00:17]} Bxe5 {[%emt 0:04:11]} 26. Rxb2 {[%emt 0:00:56]} Bxb2 {[%emt 0:00:03]} 27. Nf5 Rfe8 {[%emt 0:00:30]} 28. Bh4 Rd7 {[%emt 0:00:30]} 29. Rd2 Bd4+ {[%emt 0:00:30]} 30. Rxd4 cxd4 {[%emt 0:00:30]} 31. Qg4 1-0